000 00301nam a22001337a 4500
008 170606b xxu||||| |||| 00| 0 eng d
020 _a0299138844
041 _aeng
080 _a93
100 _a18
101 _aSHH
245 _aTHE RISING TIDE OF CULTURAL PLURALISM
_cYOUNG, C
942 _2udc
_cBK
999 _c16067
_d16067